• 首页
  • 本馆介绍
  • 公告通知
  • 最新文献
  • 馆藏检索
  • 电子资源
  • 读者导购
  • 参考咨询
  • 我的图书馆
  • 登录
  • 详细信息显示
  • 放入我的书架
  • 预约/预借图书
  • 作者相关作品
  • 分类相关作品
  • 丛书相关作品
  • 出版社相关作品

书目信息

  • 表格格式
  • 工作单格式
  • 卡片格式
题名:
自然科学基础
    
 
作者: ;人民教育出版社 编著
分册: 上册  
出版信息: 北京   人民教育出版社  1987.4
页数: 455页
开本: 19cm
丛书名:
单 册:
中图分类: N43
科图分类: 5054
主题词: 自然科学--师范学校--教材 , 化学--师范学校--教材 , 物理--师范学校--教材
电子资源:
ISBN: 7-107-08014-8
000 00830nam0 2200265 450
001 0188017844
005 20130329124958.0
010    @a7-107-08014-8@dCNY1.80
011    @a7-107-08014-8
100    @a20130329d1987 ek y0chiy0110 ea
101 0  @achi
102    @aCN@b110000
105    @af j 000yy
200 1  @a自然科学基础@9Zi Ran Ke Xue Ji Chu @f人民教育出版社生物自然室编@h上册
210    @a北京@c人民教育出版社@d1987.4
215    @a455页@d19cm
300    @a卫星电视教育·小学教师培训教材
606 0  @a自然科学@x师范学校@x教材
606 0  @a化学@x师范学校@x教材
606 0  @a物理@x师范学校@x教材
690    @aN43@v1980
692    @a5054@v1974
711 02 @a人民教育出版社@9ren min jiao yu chu ban she sheng wu zi ran shi@b生物自然室@4编著
801  0 @aCN@b91MARC@c20130904
905    @aBZT@dN43@e10:1@f1@sN43/10:1
    
    自然科学基础/人民教育出版社生物自然室编.上册.-北京:人民教育出版社,1987.4
    455页;19cm
    卫星电视教育·小学教师培训教材
    
    ISBN 7-107-08014-8:CNY1.80
    
●
相关链接 在五车中查询图书 在当当中查询图书 在豆瓣中查询图书


正题名:自然科学基础     索取号:N43/10:1         预约/预借

序号 登录号 条形码 馆藏地/架位号 状态 备注
1 2000144338   2000144338   旧书回溯/ [索取号:N43/10:1] 在馆    
山东省滨州职业学院图书馆 欢迎您!
大连网信软件有限公司© 版权所有